Name all the Stan countries in under 30 seconds - Statistics

General Stats
  • This quiz has been taken 58 times
  • The average score is 6 of 7
Answer Stats
Answer % Correct
Pakistan
90%
Afghanistan
88%
Kazakhstan
88%
Uzbekistan
83%
Kyrgyzstan
73%
Tajikistan
68%
Turkmenistan
68%
No matching quizzes found
Score Distribution
Percent of People with Each Score
Percentile by Number Answered
Your Score History
You have not taken this quiz